Smart choice (Registro nro. 13935)

Detalles MARC
000 -Cabecera
Campo de control de longitud fija 00787nam a2200313 4500
005 - Fecha y hora de la última transacción
Campo de control 20260520195819.0
008 - Elementos de longitud fija--Información general
Campo de control de longitud fija 260520b2020 |||||||| |||| 00| 0 eng d
020 ## - International Standard Book Number
Número Internacional Estándar del Libro (ISBN) 9780194061308
041 ## - Idioma
Código de idioma Español
082 ## - Clasificación Decimal Dewey
Número de clasificación 428 W746sc4
100 ## - Entrada principal--Autor personal
Nombre personal Wilson, ken
245 ## - Título propiamente dicho
Título Smart choice
250 ## - Edición
Mención de edición 4 edición
260 ## - Pie de imprenta
Lugar de publicación, distribución, etc. Estados Unidos
260 ## - Pie de imprenta
Nombre del editor, distribuidor, etc. Oxford University Press
260 ## - Pie de imprenta
Fecha de publicación, distribución, etc. 2020
300 ## - Descripción física
Extensión 138 páginas
Otras características físicas Contiene fotografias e ilustraciones a color
490 ## - Serie
Título de la Serie Enseñanza de Idiomas
500 ## - Nota general
Nota general Libro 1
505 ## - Nota de contenido
Nota de contenido Cuenta con practica en línea
650 ## - Materia general
Temática (materia general) INGLES
650 ## - Materia general
Temática (materia general) VOCABULARIO
650 ## - Materia general
Temática (materia general) CONVERSACIÓN
650 ## - Materia general
Temática (materia general) LECTURA
650 ## - Materia general
Temática (materia general) ESCRITURA
650 ## - Materia general
Temática (materia general) PRONUNCIACIÓN
650 ## - Materia general
Temática (materia general) GRAMÁTICA
942 ## - Punto de acceso adicional KOHA
Fuente del sistema de clasificación o colocación Dewey Decimal Classification
Tipo de ítem KOHA Libro
Existencias
Signatura completa Código de barras Programa Académico Tipo de ítem
428 W746sc4 26252 Enseñanza de Idiomas Libro